| 000 | 00459nam a2200169 a 4500 | ||
|---|---|---|---|
| 001 | 000034861 | ||
| 005 | 20200930073940.0 | ||
| 008 | 111020s1986 cu 000 0 spa d | ||
| 040 |
_aDO-SdBNP _bspa _cBNPHU |
||
| 082 |
_axxx _bB412c |
||
| 100 | 1 |
_aBédier, Joseph _960395 |
|
| 245 | 1 | 0 |
_aCristán e Ysolda / _cJoseph Bédier. |
| 260 |
_aLa Habana : _bArte y literatura, _c1986. |
||
| 300 |
_a153 p. ; _c19 cm. |
||
| 490 | 1 | _aHuracán | |
| 830 | 0 |
_aHuracán _95481 |
|
| 999 |
_c34352 _d34352 |
||